Online katalóg knižníc regiónu Turca

Cesta lúkami (Record no. 22675)

MARC details
000 -LEADER
fixed length control field 00920nam a2200301 a 4500
001 - CONTROL NUMBER
control field 22675
003 - CONTROL NUMBER IDENTIFIER
control field SK-KTurca
005 - DATE AND TIME OF LATEST TRANSACTION
control field 20260415143611.0
008 - FIXED-LENGTH DATA ELEMENTS--GENERAL INFORMATION
fixed length control field 250414s1985 xo 0 slo
015 ## - NATIONAL BIBLIOGRAPHY NUMBER
National bibliography number SNBA1985/09
035 ## - SYSTEM CONTROL NUMBER
System control number SNK000038080
040 ## - CATALOGING SOURCE
Original cataloging agency SNK
Language of cataloging slo
Transcribing agency SNK
Description conventions AACR2
041 0# - LANGUAGE CODE
Language code of text/sound track or separate title slo
044 ## - COUNTRY OF PUBLISHING/PRODUCING ENTITY CODE
MARC country code xo
ISO country code SK
080 ## - UNIVERSAL DECIMAL CLASSIFICATION NUMBER
Universal Decimal Classification number 885.4-1
Edition identifier 1981
100 1# - MAIN ENTRY--PERSONAL NAME
Personal name Kasarda, Mikuláš,
Dates associated with a name 1925-2013
Relationship aut
245 10 - TITLE STATEMENT
Title Cesta lúkami
Statement of responsibility, etc. Mikuláš Kasarda ; Terézia Brezany-Kružlicová
250 ## - EDITION STATEMENT
Edition statement 1. vyd.
260 ## - PUBLICATION, DISTRIBUTION, ETC.
Place of publication, distribution, etc. Košice
Name of publisher, distributor, etc. Východoslovenské vydavateľstvo
Date of publication, distribution, etc. 1985
Place of manufacture Košice
Manufacturer Východoslovenské tlačiarne
300 ## - PHYSICAL DESCRIPTION
Extent 80 s., 2,38 AH
Dimensions 20 cm
366 ## - TRADE AVAILABILITY INFORMATION
Note 600 výtl.
490 0# - SERIES STATEMENT
Series statement Pôvodná tvorba
500 ## - GENERAL NOTE
General note Lit. 6. 6 zázn. v slov.
700 1# - ADDED ENTRY--PERSONAL NAME
Personal name Brezany-Kružlicová, Terézia
Relationship bkd
942 ## - ADDED ENTRY ELEMENTS (KOHA)
Source of classification or shelving scheme Dewey Decimal Classification
Koha item type Krásna literatúra pre dospelých
Suppress in OPAC No
Holdings
Stav vyradenia Strata Poškodenie Spôsob nadobudnutia Domovská knižnica Aktuálna knižnica Dátum nadobudnutia Total checkouts Čiarový kód exemplára Date last seen Typ exemplára
      Dar Obecná knižnica Horná Štubňa Obecná knižnica Horná Štubňa 15.04.2026   4736202225 15.04.2026 Krásna literatúra pre dospelých
Projekt je podporený Slovenskou asociáciou knižníc
Prevádzkuje Turčianska knižnica Martin 2026